000 00719cab a22001935a 4500
001 L144785
008 080811e20080718xxko f 000 0 eng d
035 _a(Sirsi) u144785
041 0 _aeng
100 1 _aKennett, Stephen
245 0 0 _aIn the line of fire
260 _c2008
490 0 _aBuilding
_v273(8538) 18 July 2008, 72-74(3)
520 _aConsiders whether sprinklers are a fitting answer to combat arson in schools. Presents some preventative measures necessary to add safety against fire. Explains how sprinklers work, their advantages and indicative costs.
590 _aKA
651 4 _aUnited Kingdom
_y
690 _aMANAGEMENT-HEALTH AND SAFETY-FIRE SAFETY-FIRE SAFETY ENGINEERING
942 _n0
999 _c80585
_d80585